| 000 | 00604cam a2200229ua 4500 | ||
|---|---|---|---|
| 001 | 8472 | ||
| 005 | 20260515114335.0 | ||
| 008 | 150130n ii |||gr||||Z||||||eng | ||
| 020 | _a9788179772218 | ||
| 040 | _cMAIN | ||
| 041 | _aeng | ||
| 082 | _a820 | ||
| 100 |
_aMundhra, S. C., _eAuthor. |
||
| 245 | 1 |
_aConcise history of english literature _cBy S. C. Mundhra |
|
| 250 | _a5th rev. | ||
| 260 |
_aBareilly: _bPrakash, _c2011. |
||
| 300 | _a670p. | ||
| 653 | _aEnglish.& Old English literatures | ||
| 653 | _aHstory of english literature | ||
| 700 |
_aChoudhury, V. N. S., _eAuthor. |
||
| 942 | _cBK | ||
| 999 |
_c7574 _d7574 |
||